000 00562nam a2200205Ia 4500
005 20250508165032.0
008 008 250505s9999 xx 000 0 eng d
037 _aTextual
040 _aFEDL
_beng
_cFEDL
041 _aeng
_2eng
084 _a621.317, KAM
_qFEDL
100 _aKamnev V
_9779777
245 0 _aSwitchgear and protective gear: Repair and maintenance
260 _aMoscow
_bMir Publishers
_c1984
300 _a224p.
365 _aINR
_b1760
546 _aMACESE
942 _cTEXL
_h621.317, KAM
999 _c1392772
_d1392772